Ephesians : (Record no. 4238)

MARC details
000 -LEADER
fixed length control field 00837cam a2200265 i 4500
001 - CONTROL NUMBER
control field 326197
003 - CONTROL NUMBER IDENTIFIER
control field GBCCL
005 - DATE AND TIME OF LATEST TRANSACTION
control field 20241126110514.0
008 - FIXED-LENGTH DATA ELEMENTS--GENERAL INFORMATION
fixed length control field 750728s1975 txu b 000 0 eng
010 ## -
-- 75003638
020 ## - INTERNATIONAL STANDARD BOOK NUMBER
Terms of availability $5.95
040 ## - CATALOGING SOURCE
Original cataloging agency DLC
Transcribing agency DLC
Modifying agency DLC
050 00 -
-- BS2695.4
-- .G74
082 00 - DEWEY DECIMAL CLASSIFICATION NUMBER
Classification number 252.0792
Item number GRI
100 1# - MAIN ENTRY--PERSONAL NAME
Personal name Griffith, Leonard,
Dates associated with a name 1920-
9 (RLIN) 8036
245 10 - TITLE STATEMENT
Title Ephesians :
Remainder of title a positive affirmation : the Ephesian letter today /
Statement of responsibility, etc. Leonard Griffith.
260 ## - PUBLICATION, DISTRIBUTION, ETC.
Place of publication, distribution, etc. Waco, Tex. :
Name of publisher, distributor, etc. Word Books,
Date of publication, distribution, etc. [1975]
300 ## - PHYSICAL DESCRIPTION
Extent 173 p. ;
Dimensions 23 cm.
504 ## - BIBLIOGRAPHY, ETC. NOTE
Bibliography, etc. note Includes bibliographical references.
610 20 - SUBJECT ADDED ENTRY--CORPORATE NAME
Corporate name or jurisdiction name as entry element United Church of Canada
General subdivision Sermons.
9 (RLIN) 8037
630 00 - SUBJECT ADDED ENTRY--UNIFORM TITLE
Uniform title Bible.
Name of part/section of a work Ephesians
General subdivision Sermons.
9 (RLIN) 8038
650 #0 - SUBJECT ADDED ENTRY--TOPICAL TERM
Topical term or geographic name entry element Sermons, English
Geographic subdivision Canada.
9 (RLIN) 1469
906 ## - LOCAL DATA ELEMENT F, LDF (RLIN)
a 7
b cbc
c orignew
d 2
e ocip
f 19
g y-gencatlg
942 ## - ADDED ENTRY ELEMENTS (KOHA)
Source of classification or shelving scheme Dewey Decimal Classification
Koha item type Books
Koha issues (borrowed), all copies 1
Holdings
Withdrawn status Lost status Source of classification or shelving scheme Damaged status Not for loan Home library Current Library Shelving location Date acquired Total checkouts Full call number Barcode Date last seen Date last checked out Copy number Price effective from Koha item type
    Dewey Decimal Classification     GRACE BIBLE COLLEGE GRACE BIBLE COLLEGE Ministry & Mission 2018-01-17 1 252.0792 GRI 009327 2025-05-01 2023-01-20 c.1 2018-01-17 Books
© Grace Bible College Library 2025